Κατάλογος Βιβλιοθηκών Mediterranean College

Mid-Twentieth Century American Philosophy / Personal Statements (Record no. 1968)

MARC details
000 -LEADER
fixed length control field 01437cam a22001934a 4500
005 - ΗΜΕΡΟΜΗΝΙΑ ΚΑΙ ΩΡΑ ΤΕΛΕΥΤΑΙΑΣ ΕΝΗΜΕΡΩΣΗΣ
Πεδίο ελέγχου 20250605163314.0
008 - FIXED-LENGTH DATA ELEMENTS--GENERAL INFORMATION
Πεδίο ελέγχου σταθερού μήκους 250528s ||||||||||||||||||||||||d
035 ## - SYSTEM CONTROL NUMBER
System control number 16471
020 ## - ISBN
ISBN 391003402
040 ## - ΠΗΓΗ ΚΑΤΑΛΟΓΟΓΡΑΦΗΣΗΣ
Φορέας πρωτότυπης καταλογογράφησης MC Athens Campus Library
Γλώσσα καταλογογράφησης Ελληνικά, Μοντέρνα (1453-)
Modifying agency MC Athens Campus Library
Κανόνες περιγραφικής καταλογογράφησης AACR2
245 1# - ΤΙΤΛΟΣ ΚΑΙ ΔΗΛΩΣΗ ΥΠΕΥΘΥΝΟΤΗΤΑΣ
Τίτλος Mid-Twentieth Century American Philosophy / Personal Statements
260 ## - PUBLICATION, DISTRIBUTION, ETC.
Name of publisher, distributor, etc. Humanities Press,
Date of publication, distribution, etc. 1974
300 ## - PHYSICAL DESCRIPTION
Extent 256
505 0# - FORMATTED CONTENTS NOTE
Formatted contents note Preface, Biographical Notes, On Learning to Believe in Persons, Rationalism in Ethics and Religion, In Defense of Scepticism, Culturology as the Search for Convergence, Unfinishable Business, Toward a Philosophy of Philosophy, No Pot of Message, Philosophy After Fifty Years, Reason and Commitment, Ideals in Retrospect, Forty Years After: A Clarification of Outlook, Ethics for Fellows in the Fate of Existence, Confessions of Faith, The World I Live in, The Philosophic Quest, Index.
520 ## - SUMMARY, ETC.
Summary, etc. Preface, Biographical Notes, On Learning to Believe in Persons, Rationalism in Ethics and Religion, In Defense of Scepticism, Culturology as the Search for Convergence, Unfinishable Business, Toward a Philosophy of Philosophy, No Pot of Message, Philosophy After Fifty Years, Reason and Commitment, Ideals in Retrospect, Forty Years After: A Clarification of Outlook, Ethics for Fellows in the Fate of Existence, Confessions of Faith, The World I Live in, The Philosophic Quest, Index.
942 ## - ADDED ENTRY ELEMENTS (KOHA)
Koha item type Books
Holdings
Τύπος τεκμηρίου Βιβλιοθήκη Τρέχουσα τοποθεσία Barcode Αριθμός εισαγωγής Ημερομηνία απόκτησης Ταξιθετικό σύμβολο Αριθμός αντιτύπου Κατάσταση απόσυρσης Κατάσταση χαμένου Κατάσταση κατεστραμμένου Μη δανεισμός Σύνολο δανεισμών Ημερομηνία τελευταίας εμφάνισης Η τιμή ισχύει από
Books MC Athens Campus Library MC Athens Campus Library 9780000019677 4175 05/06/2025 191 BER 1           05/06/2025 05/06/2025

MC Athens Campus Library
Πατησίων 94 & Κοδριγκτώνος 13, 104 34
Πελλήνης 8 & Πατησίων 107, 112 51
Τ: +30 210 8899600

MC Thessaloniki Campus Library
Ίωνος Δραγούμη 21, 54625 | Ίωνος Δραγούμη 15, 54625
Τ: +30 2310 287779 – Τ: +30 2314 440300